Housing targets in the firing line (Record no. 68703)

MARC details
000 -LEADER
fixed length control field 01202cam a2200253 4500
001 - CONTROL NUMBER
control field ABS64670
008 - FIXED-LENGTH DATA ELEMENTS--GENERAL INFORMATION
fixed length control field 011029n2001 000 0 eng u
035 ## - SYSTEM CONTROL NUMBER
System control number (Sirsi) u115355
100 ## - MAIN ENTRY--PERSONAL NAME
Personal name Minton, A
245 ## - TITLE STATEMENT
Title Housing targets in the firing line
260 ## - PUBLICATION, DISTRIBUTION, ETC.
Date of publication, distribution, etc. 2001
490 ## - SERIES STATEMENT
Series statement Estates Gazette
Volume/sequential designation (0142) 20 October 2001, 61-63(3)
520 ## - SUMMARY, ETC.
Summary, etc. London housebuilders have called for a 25% cap on social housing quotas as a response to a proposed increase in affordable housing targets. Article presents both sides of the argument on affordable housing targets. Developers claim that the 50% target is unachievable, will negatively affect land values and are concerned that affordable housing costs will be offloaded onto the private sector. However, a GLA commissioned study into the financial viability of the 50% target in London boroughs found that increasing public subsidy would make the target achievable in two-thirds of the boroughs.
590 ## - LOCAL NOTE (RLIN)
Local note ABS
650 ## - SUBJECT ADDED ENTRY--TOPICAL TERM
Topical term or geographic name entry element PLANNING POLICY
650 ## - SUBJECT ADDED ENTRY--TOPICAL TERM
Topical term or geographic name entry element PUBLIC SUBSIDY
650 ## - SUBJECT ADDED ENTRY--TOPICAL TERM
Topical term or geographic name entry element LAND VALUES
650 ## - SUBJECT ADDED ENTRY--TOPICAL TERM
Topical term or geographic name entry element SOCIAL HOUSING
650 ## - SUBJECT ADDED ENTRY--TOPICAL TERM
Topical term or geographic name entry element LONDON
650 ## - SUBJECT ADDED ENTRY--TOPICAL TERM
Topical term or geographic name entry element HOUSE BUILDERS
650 ## - SUBJECT ADDED ENTRY--TOPICAL TERM
Topical term or geographic name entry element TARGETS
690 ## - LOCAL SUBJECT ADDED ENTRY--TOPICAL TERM (OCLC, RLIN)
Topical term or geographic name as entry element HOUSING
942 ## - ADDED ENTRY ELEMENTS (KOHA)
Suppress in OPAC 0
Holdings
Withdrawn status Lost status Source of classification or shelving scheme Damaged status Not for loan Home library Current library Shelving location Date acquired Total Checkouts Full call number Barcode Date last seen Copy number Price effective from Koha item type
    Dewey Decimal Classification     London London Journal article 29/10/2001   ABS64670 115355-1001 06/08/2019 1 06/08/2019 Journal article